| 000 | 00414pab a2200157 454500 | ||
|---|---|---|---|
| 008 | 180718b2012 xxu||||| |||| 00| 0 eng d | ||
| 100 | _aHowes, Dustin Ells | ||
| 245 | _aTorture is not a game: On the limitations and dangers of rational choice methods | ||
| 260 | _c2012 | ||
| 300 | _ap.20-27. | ||
| 362 | _aMar | ||
| 650 | _aTorture | ||
| 773 | _aPolitical Research Quarterly | ||
| 908 | _aN | ||
| 909 | _a96579 | ||
| 999 |
_c96579 _d96579 |
||